000
00282nam a22001337a 4500
020
_a
13-978-93-5103-100-0
082
_a
823
_b
SHA/H
100
_a
SHAKESPEARE
245
_a
HAMLET
260
_a
BRIGHTON
_b
SALARIYA BOOK
300
_a
48
650
_a
ENGLISH SHORT STORY
942
_c
BK
999
_c
3146
_d
3146